01391nam a2200277 a 45000010005000000030008000050050017000130080041000300350018000710400027000890410008001160430012001240820042001361100030001782450065002082460164002732460180004372600049006173000027006665000021006935050243007146100029009576500032009866510046010186510049010649816BD-RjUL20211208234837.0190228m19351934ii 001 0 eng d a(BD-RjUL)9861 aDLCcDLCdBD-RjULbeng aeng aa-ii--- a324.254083223bINC Sr.-1-2 1934-19351 aIndian National Congress.10aCongress Presidential Addresses /cIndian National Congress. aCongress Presidential Addresses: b1st series: From the foundation to the Silver jubilee; containing full text of the presidential addresses from 1885 to 1910 aCongress Presidential Addresses: b2nd series: From the foundationFrom the Silver to the Golden jubilee; containing full text of the presidential addresses from 1911 to 1934. aMadras:bG.A. Natesan & Co. ,c [1934-1945 ] a2 Sr. :bIll. ;c23 cm aIncludes indexes0 aSr.-1, From the foundation to the Silver jubilee; containing full text of the presidential addresses from 1885 to 1910.-- Sr. 2. From the Silver to the Golden jubilee, containing full text of the presidential addresses from 1911 to 1934.20aIndian National Congress 0aNationalismzIndiaxHistory 0aIndiaxPolitics and governmenty1857-1919 0aIndiaxPolitics and governmenty20th century